| 000 | 00495nam a22001817a 4500 | ||
|---|---|---|---|
| 003 | DO-SdBNP | ||
| 005 | 20221027104238.0 | ||
| 007 | ta | ||
| 008 | 221027b2020 dr ||||| |||| 00| 0 spa d | ||
| 040 |
_aDO-SdBNP _bspa _cBNPHU |
||
| 082 | 4 | _222 | |
| 245 | 0 | 0 |
_aDeclaración universal de los derechos humanos : _bDUDH, París-1948 |
| 260 |
_aSanto Domingo : _bDefensor del pueblo, _c2020. |
||
| 300 |
_a16 p. ; _c22 cm. |
||
| 590 | _aInventariado, 2022/BT | ||
| 910 | _aBtavárez | ||
| 942 |
_2ddc _cLF2 |
||
| 999 |
_c52656 _d52656 |
||